Declaración de impacto ambiental: proyecto depósito de relaves Javito. Compañía Minera La Patagua S.C.M
Kaydedildi:
| Müşterek Yazar: | |
|---|---|
| Materyal Türü: | Kitap |
| Dil: | İspanyolca |
| Baskı/Yayın Bilgisi: |
Santiago, Chile
CEGA Ingenieros Ltda
2005
|
| Konular: | |
| Etiketler: |
Etiketle
Etiket eklenmemiş, İlk siz ekleyin!
|
MARC
| LEADER | 00000nam a2200000 a 4500 | ||
|---|---|---|---|
| 001 | UCK9974 | ||
| 003 | CL-VaPUC | ||
| 005 | 20221006074643.0 | ||
| 008 | 060623e20050000CL |||||||||||||||||spa|d | ||
| 999 | |c 316972 |d 316970 | ||
| 040 | |c Pontificia Universidad Católica de Valparaíso | ||
| 082 | 0 | 4 | |a 363.731 CEG 2005 |2 21 |
| 110 | 2 | |a CEGA Ingenieros Ltda |9 499947 | |
| 245 | 1 | 0 | |a Declaración de impacto ambiental: proyecto depósito de relaves Javito. Compañía Minera La Patagua S.C.M |
| 260 | 0 | 3 | |a Santiago, Chile |b CEGA Ingenieros Ltda |c 2005 |
| 300 | |a 45 páginas | ||
| 500 | |a Incluye planos | ||
| 583 | |a last modification |c 20060623 00:00:00 |k Rodrigo Vera | ||
| 600 | 0 | 7 | |a COMPAÑIA MINERA LA PATAGUA S.C.M |2 CL-VaPUC |9 499948 |
| 650 | 0 | |a Impacto ambiental |9 262796 | |
| 650 | 0 | |a Abastecimiento |9 443339 | |
| 650 | 7 | |a RELAVES |2 CL-VaPUC |9 499949 | |
| 650 | 0 | |a Industria minera |9 260256 | |
| 650 | 0 | |a Contaminación ambiental |9 314181 | |
| 650 | 0 | |a Protección del medio ambiente |9 257626 | |
| 650 | 0 | |a Responsabilidad social |9 339076 | |
| 942 | |c BK |2 ddc | ||
| 945 | |d 20060623 00:00:00 |a cmena | ||
| 952 | |0 0 |1 0 |2 ddc |4 0 |6 363_731000000000000_CEG_2005 |7 0 |8 P |9 392614 |a BIBING |b BIBING |d 2019-11-22 |i 4238214 |l 1 |o 363.731 CEG 2005 |p 4238214 |r 2025-01-20 |s 2024-06-19 |t 1 |w 2019-11-22 |y BK |k CCL | ||